LEADER 01730nmm a2200301 i 4500 001 991003685639707536 007 cr cn ---mpcbr 008 190722s1968 de | o j |||| 0|ger d 020 $a9783540042297 035 $ab14371297-39ule_inst 040 $aBibl. Dip.le Aggr. Matematica e Fisica - Sez. Matematica$beng 082 04$a516.73 084 $aAMS 53C10 100 1 $aJänich, Klaus$056646 245 10$aDifferenzierbare G-Mannigfaltigkeiten$h[e-book] /$cvon Klaus Jänich 260 $aBerlin :$bSpringer,$c1968 300 $a1 online resource 490 1 $aLecture Notes in Mathematics,$x0075-8434 ;$v59 505 0 $aDie Grundbegriffe -- Hauptorbits, singuläre Orbits und Ausnahmeorbits -- Der Einbettungssatz -- Scheibendiagramme -- Klassifikation der 'speziellen' G-Mannigfaltigkeiten -- Beispiele spezieller G-Mannigfaltigkeiten -- Bericht über Knoten-Mannigfaltigkeiten -- Musterbeispiel eines Linearitätsbeweises: Der Satz von Montgomery, Samelson, Yang und Zippin über Aktionen auf IRn mit zweidimensionalem Orbitraum -- Weitere Linearitätssätze und Beispiele nichtlinearer Aktionen -- Lücken in den Dimesionen der Transformationsgruppen (nach L.N. Mann) -- Der Symmetriegrad der exotischen Sphären (Bericht über Resultate von Wu-chung Hsiang und Wu-yi Hsiang) 650 0$aG-structures 773 0 $aSpringer eBooks 776 08$iPrinted edition:$z9783540042297 856 40$zAn electronic book accessible through the World Wide Web$uhttps://link.springer.com/book/10.1007/BFb0098472 907 $a.b14371297$b03-03-22$c22-07-19 912 $a991003685639707536 996 $aDifferenzierbare G-Mannigfaltigkeiten$983087 997 $aUNISALENTO 998 $ale013$b22-07-19$cm$d@ $e-$fger$gde $h0$i0 LEADER 01760nam0 2200385 i 450 001 RMG0027351 005 20251003044337.0 017 70$a8844900602$2 100 $a20140611d1998 ||||0itac50 ba 101 | $aita 102 $ait 181 1$6z01$ai $bxxxe 182 1$6z01$an 200 1 $aGuida ai fondi pensione$eprofili giuridici, caratteristiche e aspetti operativi della nuova previdenza complementare$fGiuliano Cazzola 210 $aRoma$cBancaria$d\1998! 215 $a115 p.$d24 cm 225 | $aABI lavoro$v3 300 $aSegue: Appendice, Documenti 300 $aSul dorso: ABI. 410 0$1001UBO0290012$12001 $aABI lavoro$v3$171202$aABI$c $3CFIV013528 606 $aFondi pensione$2FIR$3CFIC061774$9E 676 $a331.2524$9ECONOMIA DEL LAVORO. Fondi pensione$v23 676 $a332.67254$9Economia finanziaria. Investimenti. Da parte di specifici tipi di istituto.$v20 696 $aFondi pensionistici$aFondi di quiescenza 699 $aFondi pensione$yFondi pensionistici 699 $aFondi pensione$zFondi di quiescenza 700 1$aCazzola$b, Giuliano$3RAVV038436$4070$0117330 801 3$aIT$bIT-000000$c20140611 850 $aIT-BN0095 901 $bNAP 01$cPOZZO LIB.$nVi sono collocati fondi di economia, periodici di ingegneria e scienze, periodici di economia e statistica e altri fondi comprendenti documenti di economia pervenuti in dono. 912 $aRMG0027351 950 0$aBiblioteca Centralizzata di Ateneo$c1 v.$d 01POZZO LIB.ECON MON 8524$e 0101 0700264325E VMA 1 v. (Precedente collocazione 26 EC 432)$fB $h20221111$i20221111 977 $a 01 996 $aGuida ai fondi pensione$92964785 997 $aUNISANNIO